XII Muestra de Cine Mexicano en Guadalajara : 14-20 de marzo de 1997 /
Catálogo de la décimo segunda Muestra de Cine Mexicano en Guadalajara (1997), rebautizada Festival Internacional de Cine en Guadalajara (FICG) a partir de su 20ª edición (2005), celebrada en uno de los períodos de menor producción de la historia del cine nacional. Nueve largometrajes y trece cortome...
Guardado en:
| Institution som forfatter: | |
|---|---|
| Format: | Procedimiento de la conferencia Bog |
| Sprog: | spansk |
| Udgivet: |
Guadalajara, México :
Muestra de Cine Mexicano en Guadalajara,
1997
|
| Fag: | |
| Tags: |
Ingen Tags, Vær først til at tagge denne postø!
|
MARC
| LEADER | 00000nam^a2200000^a^4500 | ||
|---|---|---|---|
| 001 | 000135071 | ||
| 005 | 20260226152103.0 | ||
| 009 | 20260310095229.413 | ||
| 037 | |a Acervo ITESO - Biblioteca | ||
| 041 | |a ESP | ||
| 082 | |a 302. 23550972352 |b FICG 1997 | ||
| 111 | |a Muestra de Cine Mexicano en Guadalajara ( |n 12ª : |d 1997 : |c Guadalajara, México) | ||
| 240 | 1 | 1 | |a [FICG] |
| 240 | 1 | 1 | |a [FICG: catálogos] |
| 240 | 1 | 1 | |a [Festival Internacional de Cine en Guadalajara] |
| 240 | 1 | 1 | |a [Festival Internacional de Cine en Guadalajara: catálogos] |
| 240 | 1 | 1 | |a [Muestra de Cine Mexicano en Guadalajara] |
| 240 | 1 | 1 | |a [Muestra de Cine Mexicano en Guadalajara: catálogos] |
| 240 | 1 | 1 | |a [Muestra de Cine Mexicano en Guadalajara 1997] |
| 245 | 1 | 0 | |a XII Muestra de Cine Mexicano en Guadalajara : |b 14-20 de marzo de 1997 / |
| 264 | 1 | |a Guadalajara, México : |b Muestra de Cine Mexicano en Guadalajara, |c 1997 | |
| 300 | |a 79 p. ; |c 28.0 cm. | ||
| 336 | |a texto |b txt |2 rdacontenido | ||
| 337 | |a sin mediación |b n |2 rdamedio | ||
| 338 | |a volumen |b nc |2 rdasoporte | ||
| 520 | |a Catálogo de la décimo segunda Muestra de Cine Mexicano en Guadalajara (1997), rebautizada Festival Internacional de Cine en Guadalajara (FICG) a partir de su 20ª edición (2005), celebrada en uno de los períodos de menor producción de la historia del cine nacional. Nueve largometrajes y trece cortometrajes concursaron en las respectivas secciones oficiales. El homenaje al actor Ignacio López Tarso (1925-2023) comprendió seis películas de su filmografía. Un ciclo de cine iberoamericano abarcó diez películas y Argentina figuró como el primer país invitado de honor de la Muestra, con siete títulos. Cuatro fueron las películas invitadas e igual número las funciones especiales. Los jurados internacional y de la revista Dicine, que para entonces ya había publicado el que sería su último número (69, en noviembre de 1996), coincidieron en otorgar su premio a Y por si no te vuelvo a ver, ópera prima del director Juan Pablo Villaseñor. El jurado internacional entregó una mención especial a la actriz Arcelia Ramírez. La Organización Católica Internacional del Cine y del Audiovisual (OCIC) premió a Santo Luzbel, segundo largometraje del realizador Miguel Sabido. Rastros, de Diego Muñoz, fue galardonado como mejor cortometraje, en un año con un gran protagonismo de este género: en la inauguración fue proyectado De tripas corazón (1994), del cineasta tapatío y egresado de ITESO Antonio Urrutia, finalista en la 69ª entrega del premio Oscar, de la Academia Norteamericana de Cine, que se entregaría una semana después, en la categoría de Mejor Cortometraje de Ficción. | ||
| 533 | |a Fotocopia | ||
| 546 | |a Edición bilingüe español-inglés | ||
| 585 | |a Muestra de Cine Mexicano en Guadalajara (12ª: 1997) | ||
| 586 | |a Premio Nacional de Ciencias y Artes, categoría Bellas Artes (66°: 2015), ex aequo: Biografías, crítica e interpretación | ||
| 649 | |a XX | ||
| 650 | |a Actores Mexicanos - |x Homenajes | ||
| 650 | |a Actores Mexicanos - |x Ciclos y Retrospectivas | ||
| 650 | |a Cine Mexicano - |x Festivales - |x Catálogos - |x Tema Principal | ||
| 650 | |a Cine Mexicano - |x Ciclos y Retrospectivas | ||
| 650 | |a Cine Mexicano - |x Historia y Crítica | ||
| 650 | |a Cine Mexicano - |y 1950-1959 | ||
| 650 | |a Cine Mexicano - |y 1960-1969 | ||
| 650 | |a Cine Mexicano - |y 1970-1979 | ||
| 650 | |a Cine Mexicano - |y 1990-1999 | ||
| 650 | |a Cine Mexicano - |y Siglo XX | ||
| 650 | |a Cine Argentino - |x Ciclos y Retrospectivas | ||
| 650 | |a Cine Argentino - |y 1990-1999 | ||
| 650 | |a Cine Argentino - |y Siglo XX | ||
| 650 | |a Cine Iberoamericano - |x Ciclos y Retrospectivas | ||
| 650 | |a Cine Iberoamericano - |y 1990-1999 | ||
| 650 | |a Cine Iberoamericano - |y Siglo XX | ||
| 650 | |a Cine - |z Guadalajara, Jalisco - |x Festivales - |x Catálogos - |x Tema Principal | ||
| 650 | |a Cine - |z México - |x Festivales - |x Catálogos | ||
| 650 | |a Cine - |x Festivales - |x Catálogos | ||
| 600 | |a López Tarso, Ignacio | ||
| 910 | |a Fondo General | ||
| 920 | |a Impresos - Libros | ||
| 930 | |a Libros Antiguos y Raros | ||
| 905 | |a 108 | ||
| 901 | |a 0500064434 |b IT2 |c LRA |u 20250526 | ||
| 902 | |a https://opac.biblio.iteso.mx/vufind/Record/000135071 | ||